| 000 | 00581nam a2200169 i 4500 | ||
|---|---|---|---|
| 001 | 142931 | ||
| 003 | ES-MaACL | ||
| 005 | 20230906200650.0 | ||
| 007 | t| | ||
| 008 | 071011s1972 sp ||||1| spa d | ||
| 100 | 1 |
_aVicente de Paúl _cSanto. _9114354 |
|
| 245 | 1 | 0 |
_aObras completas. _n, . Tomo IX, _pConferencias a las Hijas de la Caridad: 31-VII-1634 -24-VI-1654 / _cSan Vicente de Paúl ; [tradujo: A. Ortiz García]. |
| 260 |
_aSalamanca : _bSígueme, _c1972. |
||
| 300 |
_a642 p. ; _c22 cm. |
||
| 700 | 1 |
_aOrtiz García, A. _987617 |
|
| 852 |
_aES-MaACL _jC-48797 _bR.84902 |
||
| 999 |
_c142931 _d142931 |
||